00866cam a2200217 a 450000100100000000500170001000800410002704000250006808200190009310000440011224500480015626000480020430000210025249000320027365000260030565000300033183000390036195201160040095201170051699900150063300000883920200929161424.0720809s1966 mx 000 1 spa  aDO-SdBNPbspadBNPHU aM863.44bG216c1 aGarcía Ponce, Juan.d1932-200392339513aLa casa en la playa /cJuan García Ponce. aMéxico, D. F. :bJoaquín Mortiz,c1966. a284 p. ;c20 cm.1 aNovelistas Contemporáneos 4aNovela mexicana93959 4aLiteratura mexicana91922 0aNovelistas Contemporáneos911918 001050718MOaGRbGRcHDd2009-09-18iLF1l0oM863.44 G216cp8839-10r2020-06-25w2020-06-25y1ZNo se presta 0010507-18MOaPDbPDcOId2017-05-25iLF1l0oM863.44 G216cp8839-20r2020-06-25w2020-06-25y1ZNo se presta c8608d8608